00689nam a2200205 450000100060000001000180000602100180002410000410004210100080008310200070009120001910009820500120028921000310030121500230033230400520035560600150040770000200042270100250044280100160046736891 a9789895762460 aPTb547253/25 a20251015d2025 m y0pory50030103ba1 apor aPT1 aA infantilização da mente modernaecomo as boas intenções e as más ideias estão a preparar uma geração para o fracassofGreg Lukianoff, Jonathan Haidtgtrad. Inês Lucas a1.ª ed 9aLisboacGuerra e Pazd2025 a378, [6] p.d23 cm aTít. orig.: The coddling of the American mind aPsicologia aLukianoffbGreg aHaidtbJonathan4070 0aPTbBNgRPC